=LDR 00000nam 2200000 4500 =001 INLIS000000000000821 =005 20130612085239 =008 ***********************************Ind** =035 ##$$0010-061300000000821 =041 ##$$a Ind =082 ##$$a 92(Dreyfus) =090 ##$$a 92(Dreyfus), Hun-a =100 ##$$a Hungerbuhler, Eberhard =245 ##$$a Alfred Dreyfus, mencari keadilan, Eberhard Hungerbuhler; penerjemah Ismet Malihan =260 ##$$a 1987 $b Jakarta =300 ##$$a vi, 186 hlm, ilus, 21 cm =650 ##$$a Dreyfus, Alfred, 1854 =700 ##$$a Malihan, Ismet =850 ##$$a NBPNMAT